00362nam a2200169Ia 4500008004100000041001200041082001200053082001100065100001700076100001100093245003400104260000600138260001100144260000900155300001500164650001300179150909s9999 xx 000 0 und d aEnglish a574.192 bCWE/HO aCweter C.S  eAuthor aHormones and sexual behaviour a- bDowden c1974 a358 Pages aHormones